logo

Bir Sreshtho Munshi Abdur Rouf Library
Jhenaidah Cadet College

English language dictionaries, 1604-1900 : (Record no. 7026)

MARC details
000 -LEADER
fixed length control field 01122cam a2200301 a 4500
001 - CONTROL NUMBER
JCCL Control Number 7026
003 - CONTROL NUMBER IDENTIFIER
JCCL marc code BD-JhCC
005 - DATE AND TIME OF LATEST TRANSACTION
control field 20180416100026.0
008 - FIXED-LENGTH DATA ELEMENTS--GENERAL INFORMATION
fixed length control field 020607s1988 nyu | |||| ||eng|
020 ## - INTERNATIONAL STANDARD BOOK NUMBER
International Standard Book Number 0313255229
035 ## - SYSTEM CONTROL NUMBER
system control number (UkLCURL)070400594372
035 ## - SYSTEM CONTROL NUMBER
system control number (BD-JhCC)7026
035 ## - SYSTEM CONTROL NUMBER
system control number 1917968
040 ## - CATALOGING SOURCE
Original cataloging agency BD-JhCC
Modifying agency BD-JhCC
041 ## - LANGUAGE CODE
Language code of Book eng
082 ## - DEWEY DECIMAL CLASSIFICATION NUMBER
Classification number 016.423
Author mark and Year ONE 1988
100 1# - MAIN ENTRY--PERSONAL NAME
Personal name O'Neill, Robert Keating.
245 10 - TITLE STATEMENT
Title English language dictionaries, 1604-1900 :
Remainder of title the catalog of the Warren N. and Suzanne B. Cordell Collection /
Statement of responsibility, etc cataloged and compiled by Robert Keating O'Neill ; foreword by Suzanne B. Cordell.
260 ## - PUBLICATION, DISTRIBUTION, ETC. (IMPRINT)
Place of publication, distribution, etc New York ;
-- London :
Name of publisher, distributor, etc Greenwood,
Date of publication, distribution, etc c1988.
300 ## - PHYSICAL DESCRIPTION
Pagination xxix,480p ;
Dimensions 24cm.
490 1# - SERIES STATEMENT
Series statement Bibliographies and indexes in library and information science ;
Volume number/sequential designation no.1
600 10 - SUBJECT ADDED ENTRY--PERSONAL NAME
Personal name Cordell, Warren N.
General subdivision Library
600 10 - SUBJECT ADDED ENTRY--PERSONAL NAME
Personal name Cordell, Suzanne B.
General subdivision Library
610 20 - SUBJECT ADDED ENTRY--CORPORATE NAME
Corporate name or jurisdiction name as entry element Cunningham Memorial Library
650 #0 - SUBJECT ADDED ENTRY--TOPICAL TERM
Topical term or geographic name as entry element English language
General subdivision Dictionaries
Form subdivision Bibliography
-- Catalogs.
830 #0 - SERIES ADDED ENTRY--UNIFORM TITLE
Uniform title Bibliographies and indexes in library and information science ;
Volume number/sequential designation no.1.
942 ## - ADDED ENTRY ELEMENTS (KOHA)
Source of classification or shelving scheme Dewey Decimal Classification
Koha item type Books
Holdings
Source of classification or shelving scheme Damaged status Not for loan Home library Current library Shelving location Date of accession Total Checkouts Full call number Barcode Date last seen Copy number Koha item type
Dewey Decimal Classification     JCC Rouf Library JCC Rouf Library General Stacks 02/04/2018   016.423 ONE 1988 8666 02/04/2018 C - 1 Books

JCC Library | Contacts | JCC Home

Last Update on 23 September 2017
Copyright @ 2017-2020 JCC Rouf Library
Rouf Library, Jhenidah Cadet College (JCC), Bangladesh